00709nam a2200229 i 4500001000300000003000400003005001700007008004100024020001500065040000800080041000800088080001000096100004000106245008400146250002400230260002600254300003500280504003600315650001600351700001400367856009800381bgBPK20200110083949.0010707s1998 pl f |000 0 pol d a3921690374 cBPK0 ager a663.41 aKunze, Wolfgangd(1926-2016)eAutor10aTechnologie Brauer und Mälzer /cWolfgang Kunze ; Kapitel 11 von H. O. Mieth. a8. neu bearb. Aufl. aBerlin :bVLB,c1998. a847 s. :bfot., rys. ;c25 cm. aBibliogr. s. 829-834. - Indeks. 4aPiwowarstwo1 aMieth, O. uhttp://koha.tu.koszalin.pl/cgi-bin/koha/opac-detail.pl?biblionumber=36570yKatalog online BPK